书目信息 |
| 题名: |
人工嗅觉与人工味觉
|
|
| 作者: | 王平 著 | |
| 分册: | ||
| 出版信息: | 北京 科学出版社 2007 |
|
| 页数: | 218页 | |
| 开本: | 26cm | |
| 丛书名: | ||
| 单 册: | ||
| 中图分类: | Q811.21 | |
| 科图分类: | ||
| 主题词: | 嗅觉--感觉器官模拟--研究 , 味觉--感觉器官模拟--研究 , 嗅觉 , 感觉器官模拟 , 味觉 | |
| 电子资源: | ||
| ISBN: | 978-7-03-019512-8 | |
| 000 | 00997nam0 2200277 450 | |
| 001 | 1547854423 | |
| 005 | 20150131131819.17 | |
| 010 | @a978-7-03-019512-8@dCNY45.00 | |
| 100 | @a20070104d2007 em y0chiy50 ea | |
| 101 | 0 | @achi |
| 102 | @aCN@b110000 | |
| 105 | @ay z 000yy | |
| 200 | 1 | @a人工嗅觉与人工味觉@9ren gong xiu jue yu ren gong wei jue@f王平著 |
| 205 | @a2版 | |
| 210 | @a北京@c科学出版社@d2007 | |
| 215 | @a218页@d26cm | |
| 330 | @a本书论述了人工嗅觉与人工味觉近20年来的发展、生物嗅觉与味觉的神经生理模型及其仿真研究、人工嗅觉与味觉感受器的设计与研制、嗅觉与味觉的信息处理和模式识别技术、人工嗅觉和味觉图像传感器及其检测技术和人工嗅觉与人工味觉在环境及生物医学等领域中的广泛应用等问题。 | |
| 606 | 0 | @a嗅觉@x感觉器官模拟@x研究 |
| 606 | 0 | @a味觉@x感觉器官模拟@x研究 |
| 606 | 0 | @a嗅觉 |
| 606 | 0 | @a感觉器官模拟 |
| 606 | 0 | @a味觉 |
| 690 | @aQ811.21@v5 | |
| 701 | 0 | @a王平@9wang ping@c(生物医学教授)@4著 |
| 801 | 0 | @aCN@bTSSF@c20150131 |
| 905 | @aZUCC@dQ811.21@eJY52=2 | |
| 人工嗅觉与人工味觉/王平著.-2版.-北京:科学出版社,2007 |
| 218页;26cm |
| ISBN 978-7-03-019512-8:CNY45.00 |
| 本书论述了人工嗅觉与人工味觉近20年来的发展、生物嗅觉与味觉的神经生理模型及其仿真研究、人工嗅觉与味觉感受器的设计与研制、嗅觉与味觉的信息处理和模式识别技术、人工嗅觉和味觉图像传感器及其检测技术和人工嗅觉与人工味觉在环境及生物医学等领域中的广泛应用等问题。 |
| ● |
| 相关链接 |
|
|
|
|
正题名:人工嗅觉与人工味觉
索取号:Q811.21/JY52=2
 
预约/预借
| 序号 | 登录号 | 条形码 | 馆藏地/架位号 | 状态 | 备注 |
| 1 | 7862086 | 278620869 | 学院路分馆/ [索取号:Q811.21/JY52=2] | 在馆 | |
| 2 | 7862087 | 278620878 | 学院路分馆/ [索取号:Q811.21/JY52=2] | 在馆 |